• 首页
  • 本馆介绍
  • 公告通知
  • 最新文献
  • 馆藏检索
  • 电子资源
  • 读者荐购
  • 参考咨询
  • CALIS
  • 我的图书馆
  • 登录
  • 详细信息显示
  • 放入我的书架
  • 预约/预借图书
  • 作者相关作品
  • 分类相关作品
  • 丛书相关作品
  • 出版社相关作品

书目信息

  • 表格格式
  • 工作单格式
  • 卡片格式
题名:
左宗棠传
    
 
作者: 袁宁 著
分册:  
出版信息: 北京   北京联合出版公司  2013.11
页数: 229页
开本: 24cm
丛书名: 中国名人大传
单 册:
中图分类: K827=52
科图分类:
主题词:
电子资源:
ISBN: 978-7-5502-2171-0
 
 
 
 
 
000 00846nam0 2200277 450
001 0100140710
005 20141020221530.0
010    @a978-7-5502-2171-0@dCNY29.80
100    @a20140226d2013 em y0chiy50 ea
101 0  @achi
101 11 @achi
102    @aCN@b110000
105    @ay z 000yb
106    @ar
200 1  @a左宗棠传@Azuo zong tang zhuan@b专著@f袁宁著@Fyuan ning zhu
210    @a北京@c北京联合出版公司@d2013.11
215    @a229页@d24cm
225 1  @a中国名人大传
330    @a本书分为早岁经历、初露锋芒、剿灭天国、镇压起义、洋务运动、收复新疆、伊犁回归、经营新疆、宦海沉浮、晚年抗法等10章内容,介绍了左宗棠的一生。
540    @a左宗棠传
600  0 @a左宗棠@f(1812-1885)@x传记
690    @aK827=52@v5
701  0 @a袁宁@Ayuan ning@4著
801    @aCN
901    @a001
905    @b1103905-7@dK827=52@eY902@f3@a241430
    
    左宗棠传/袁宁著.-北京:北京联合出版公司,2013.11
    229页;24cm.-(中国名人大传)
    
    
    ISBN 978-7-5502-2171-0:CNY29.80
    本书分为早岁经历、初露锋芒、剿灭天国、镇压起义、洋务运动、收复新疆、伊犁回归、经营新疆、宦海沉浮、晚年抗法等10章内容,介绍了左宗棠的一生。
●
相关链接 在E读中查询图书 在当当中查询图书 在豆瓣中查询图书


正题名:左宗棠传     索取号:K827=52/Y902         预约/预借

序号 登录号 条形码 馆藏地/架位号 状态 备注
1 1103905   211039053   社科库309/309社科库 58排4列6层/ [索取号:K827=52/Y902] 在馆    
2 1103906   211039062   社科库309/309社科库 58排4列6层/ [索取号:K827=52/Y902] 在馆    
3 1103907   211039071   社科库309/309社科库 58排4列6层/ [索取号:K827=52/Y902] 在馆    
河南城建学院图书馆 欢迎您!
大连网信软件有限公司© 版权所有